|
|
|
|
| LEADER |
01248nab#a2200337#ar4500 |
| 001 |
000078956 |
| 003 |
SVKKK |
| 005 |
20080128124149.0 |
| 008 |
060725c xo e gero |
| FMT |
|
|
|
| 038 |
|
|
|a SVKKK
|
| 040 |
|
|
|a SVKKK
|b slo
|e AACR2
|
| 041 |
0 |
|
|a ger
|
| 044 |
|
|
|a xo
|c SK
|
| 080 |
|
|
|a 262.1
|2 1997
|
| 080 |
|
|
|a 284.1:262.1
|2 1997
|
| 080 |
|
|
|a 929 Rátz, Karol Augustín
|2 1997
|
| 242 |
1 |
0 |
|a Voľba farára
|
| 245 |
0 |
0 |
|a Pfarrerwahl
|
| 520 |
2 |
|
|a Správa o voľbe farára pri evanjelickom cirkevnom zbore vo Veľkej Lomnici 19. októbra 1913. Zvolený bol kaplán z Budapešti K.[arol] A.[ugustín] Rátz. Menovaný je bratom bratislavského evanjelického farára Viliama Rátza a levočského učiteľa Jozefa Rátza
|
| 600 |
1 |
4 |
|a Rátz, Karol Augustín,
|d 18??-19??,
|x farár evanjelický
|z Veľká Lomnica (Slovensko)
|
| 650 |
0 |
4 |
|a evanjelický a.v. cirkevný zbor
|x voľba farára
|z Veľká Lomnica (Slovensko)
|y 19.10.1913
|
| 773 |
0 |
|
|t Karpathen-Post : Wochenblatt zur Förderung volkswirthchaftlicher, gesellschaftlicher und touristischer Interessen
|g Roč. 34, č. 43 (23.10.1913) s. 3
|
| 957 |
|
|
|a 706
|
| 958 |
|
|
|a CI
|
| 958 |
|
|
|a DG
|
| 958 |
|
|
|a HU
|
| 974 |
|
|
|a Ba
|
| 992 |
|
|
|a RBX
|
| BAS |
|
|
|
| 998 |
|
|
|a RETRO
|